000 00283nam a22001337a 4500
008 170308b xxu||||| |||| 00| 0 srb d
020 _a9788617363428
041 _asrb
080 _a611
100 _a6
101 _aSHM
245 _aTIRODNA ZLEZDA
_cTRBOJEVIC, B
942 _2udc
_cBK
999 _c7226
_d7226